[Event "Avoine op 35th"]
[Site "Avoine"]
[Date "2021.07.18"]
[Round "8.2"]
[White "Hautot, Stephane"]
[Black "Ollier, Milan"]
[Result "1-0"]
[WhiteElo "2322"]
[BlackElo "2172"]
[PlyCount "77"]
[EventDate "2021.07.18"]
[EventType "swiss"]
[EventRounds "9"]
[EventCountry "FRA"]
[SourceTitle "EXT 2023"]
[Source "ChessBase"]
[SourceDate "2022.10.05"]
[SourceVersion "1"]
[SourceVersionDate "2022.10.05"]
[SourceQuality "1"]

1. c4 c5 2. Nc3 Nc6 3. g3 g6 4. Bg2 Bg7 5. e4 a6 6. a4 h5 7. h3 Nf6 8. d3 Nh7 9. Be3 d6 10. Nge2 Nd4 11. 0-0 Nf8 12. Rb1 Rb8 13. b4 Nfe6 14. f4 f5 15. h4 0-0 16. bxc5 dxc5 17. e5 b6 18. Nd5 Bd7 19. Nxd4 Nxd4 20. Bxd4 cxd4 21. Qb3 b5 22. cxb5 e6 23. Nb4 axb5 24. Nc6 Bxc6 25. Qxe6+ Kh7 26. Bxc6 bxa4 27. Rxb8 Qxb8 28. Bxa4 Qa7 29. Be8 Rxe8 30. Qxe8 Qa6 31. Rf3 Qb7 32. Kg2 Qb2+ 33. Rf2 Qb1 34. e6 Qxd3 35. e7 Qe4+ 36. Kh2 Qe3 37. Rg2 d3 38. Qd7 d2 39. Rxd2 1-0

[Event "Avoine op 34th"]
[Site "Avoine"]
[Date "2019.07.24"]
[Round "5"]
[White "Demuth, Adrien"]
[Black "Ollier, Milan"]
[Result "1/2-1/2"]
[WhiteElo "2502"]
[BlackElo "2227"]
[PlyCount "51"]
[EventDate "2019.07.20"]
[EventType "swiss"]
[EventRounds "9"]
[EventCountry "FRA"]
[SourceTitle "CBM 191 Extra"]
[Source "ChessBase"]
[SourceDate "2019.09.30"]
[SourceVersion "1"]
[SourceVersionDate "2019.09.30"]
[SourceQuality "1"]

1. d4 Nf6 2. c4 g6 3. f3 d5 4. cxd5 Nxd5 5. e4 Nb6 6. Nc3 Bg7 7. Be3 0-0 8. Qd2 Nc6 9. 0-0-0 f5 10. e5 Nb4 11. Nh3 Be6 12. Kb1 N4d5 13. Nf4 Nxf4 14. Bxf4 Nd5 15. h4 c5 16. Nxd5 Qxd5 17. b3 b5 18. dxc5 Qxc5 19. Qd4 Rfc8 20. Qxc5 Rxc5 21. Bd3 Kf7 22. Rhe1 Rd8 23. Bc2 Rxd1+ 24. Bxd1 a6 25. Re2 Bd5 26. Bc2 1/2-1/2

[Event "Avoine op 34th"]
[Site "Avoine"]
[Date "2019.07.21"]
[Round "2"]
[White "Ollier, Milan"]
[Black "Bourdeaux, Gabin"]
[Result "1-0"]
[WhiteElo "2227"]
[BlackElo "2050"]
[PlyCount "73"]
[EventDate "2019.07.20"]
[EventType "swiss"]
[EventRounds "9"]
[EventCountry "FRA"]
[SourceTitle "EXT 2020"]
[Source "ChessBase"]
[SourceDate "2019.10.17"]
[SourceVersion "1"]
[SourceVersionDate "2019.10.17"]
[SourceQuality "1"]

1. e4 e6 2. d4 d5 3. Bd3 c5 4. exd5 exd5 5. Nf3 Nc6 6. 0-0 c4 7. Be2 Nf6 8. b3 cxb3 9. axb3 Be7 10. c4 0-0 11. Nc3 Bf5 12. h3 Nb4 13. Ne1 Ne4 14. Nxe4 Bxe4 15. Bb2 Re8 16. Nd3 Bd6 17. Nc5 Bxc5 18. dxc5 Qg5 19. Bf3 Bd3 20. Re1 h6 21. Rxe8+ Rxe8 22. cxd5 Nc2 23. Qxd3 Nxa1 24. g3 Qg6 25. Qxg6 fxg6 26. Bxa1 Re1+ 27. Kg2 Rxa1 28. d6 Kf7 29. Bxb7 Rc1 30. b4 a5 31. c6 axb4 32. c7 b3 33. Bd5+ Ke8 34. Be6 b2 35. d7+ Ke7 36. d8Q+ Kxe6 37. c8Q+ 1-0

[Event "Avoine op 34th"]
[Site "Avoine"]
[Date "2019.07.20"]
[Round "7"]
[White "Lambert, Thomas"]
[Black "Ollier, Milan"]
[Result "0-1"]
[WhiteElo "1965"]
[BlackElo "2227"]
[PlyCount "60"]
[EventDate "2019.07.20"]
[EventType "swiss"]
[EventRounds "9"]
[EventCountry "FRA"]
[SourceTitle "EXT 2020"]
[Source "ChessBase"]
[SourceDate "2019.10.17"]
[SourceVersion "1"]
[SourceVersionDate "2019.10.17"]
[SourceQuality "1"]

1. e4 c5 2. Nf3 Nc6 3. d4 cxd4 4. Nxd4 Nf6 5. Nc3 e5 6. Ndb5 d6 7. Bg5 a6 8. Na3 b5 9. Nd5 Be7 10. Bxf6 Bxf6 11. c4 Nd4 12. cxb5 Be6 13. Bc4 axb5 14. Bxb5+ Kf8 15. Bc4 Qa5+ 16. Qd2 Bd8 17. Nc3 Qc5 18. Bxe6 fxe6 19. 0-0 Rxa3 20. bxa3 Qxc3 21. Qxc3 Ne2+ 22. Kh1 Nxc3 23. Rac1 Nxe4 24. Rc8 Ke7 25. f3 Nc5 26. Rb1 Rf8 27. Rbb8 Kd7 28. Ra8 e4 29. a4 e3 30. Kg1 e2 0-1

[Event "Avoine op 34th"]
[Site "Avoine"]
[Date "2019.07.20"]
[Round "6"]
[White "Ollier, Milan"]
[Black "Colin, Vincent"]
[Result "0-1"]
[WhiteElo "2227"]
[BlackElo "2370"]
[PlyCount "136"]
[EventDate "2019.07.20"]
[EventType "swiss"]
[EventRounds "9"]
[EventCountry "FRA"]
[SourceTitle "EXT 2020"]
[Source "ChessBase"]
[SourceDate "2019.10.17"]
[SourceVersion "1"]
[SourceVersionDate "2019.10.17"]
[SourceQuality "1"]

1. e4 c5 2. Nf3 d6 3. Be2 Nc6 4. d3 g6 5. 0-0 Bg7 6. Re1 e5 7. a3 a5 8. a4 Nge7 9. Na3 0-0 10. c3 d5 11. exd5 Nxd5 12. Nb5 Bf5 13. Bg5 Qd7 14. Qd2 Rfe8 15. g3 f6 16. Bh6 g5 17. Bxg7 Kxg7 18. Qc1 Na7 19. Na3 Rad8 20. Nd2 b6 21. Nac4 Nc8 22. Ne4 Bg6 23. Bf1 h6 24. Qd2 Qc7 25. Qe2 Re7 26. Bg2 Na7 27. Rad1 Nc6 28. Na3 Na7 29. Nc4 Be8 30. Qc2 Bc6 31. Ned2 Qd7 32. h3 Bxa4 33. b3 Bc6 34. Kh2 Qc7 35. Be4 b5 36. Ne3 Nxe3 37. fxe3 Bxe4 38. dxe4 Red7 39. Nf1 h5 40. Qe2 Rxd1 41. Rxd1 Rxd1 42. Qxd1 Qf7 43. Qd8 Qxb3 44. Qxa5 Qf7 45. c4 Qb7 46. Nd2 Nc6 47. Qxb5 Qxb5 48. cxb5 Na5 49. Kg2 Kf7 50. Kf2 Ke6 51. Ke2 c4 52. Nb1 Kd6 53. Kd2 Kc5 54. g4 hxg4 55. hxg4 Nb7 56. Nc3 Nd6 57. Kc2 Nxb5 58. Nd5 f5 59. gxf5 g4 60. f6 Nd6 61. Kd1 Kc6 62. Ke2 Kb5 63. Kf2 Ka4 64. Kg3 Kb3 65. Kxg4 c3 66. Nxc3 Kxc3 67. f7 Nxf7 68. Kf5 Kd3 0-1

[Event "Avoine op 34th"]
[Site "Avoine"]
[Date "2019.07.20"]
[Round "4"]
[White "Ollier, Milan"]
[Black "Gao, Etienne"]
[Result "1-0"]
[WhiteElo "2227"]
[BlackElo "2306"]
[PlyCount "69"]
[EventDate "2019.07.20"]
[EventType "swiss"]
[EventRounds "9"]
[EventCountry "FRA"]
[SourceTitle "EXT 2020"]
[Source "ChessBase"]
[SourceDate "2019.10.17"]
[SourceVersion "1"]
[SourceVersionDate "2019.10.17"]
[SourceQuality "1"]

1. e4 c5 2. Nc3 d6 3. d4 cxd4 4. Qxd4 a6 5. b3 Nc6 6. Qd2 Nf6 7. Bb2 e6 8. 0-0-0 b5 9. f3 h5 10. Nh3 Bb7 11. Ng5 Qa5 12. Kb1 Rc8 13. Bd3 Be7 14. f4 Nb4 15. Rhe1 0-0 16. a3 Nxd3 17. cxd3 Qb6 18. Ne2 d5 19. e5 Ng4 20. Nd4 Bc5 21. Ngf3 b4 22. a4 Nxh2 23. f5 Nxf3 24. gxf3 exf5 25. Qf4 Bxd4 26. Bxd4 Qc6 27. Rd2 Rc7 28. Rg2 g6 29. e6 Kh7 30. exf7 Rfxf7 31. Rh1 a5 32. Qg5 Rg7 33. Rxh5+ Kg8 34. Rh8+ Kf7 35. Qxf5+ 1-0

[Event "Lyon rapid final"]
[Site "Lyon"]
[Date "2019.06.23"]
[Round "2"]
[White "Ollier, Milan"]
[Black "Teichmann, Erik Oskar Michael"]
[Result "1-0"]
[WhiteElo "2227"]
[BlackElo "2240"]
[PlyCount "103"]
[EventDate "2019.??.??"]
[EventType "k.o. (rapid)"]
[EventRounds "2"]
[EventCountry "FRA"]
[SourceTitle "EXT 2020"]
[Source "ChessBase"]
[SourceDate "2019.10.17"]
[SourceVersion "1"]
[SourceVersionDate "2019.10.17"]
[SourceQuality "1"]

1. e4 Nc6 2. Nc3 e6 3. d4 Bb4 4. Be2 d6 5. Nf3 Nf6 6. Qd3 a6 7. 0-0 Bxc3 8. bxc3 e5 9. h3 h6 10. Ba3 Qe7 11. d5 Nb8 12. Rab1 0-0 13. Bc1 Nbd7 14. Be3 Nh5 15. g3 f5 16. Nh4 fxe4 17. Qd1 Nf4 18. Bxf4 exf4 19. Ng6 Qg5 20. Nxf8 Nxf8 21. Bg4 Ng6 22. Bxc8 Rxc8 23. Qg4 Qxg4 24. hxg4 fxg3 25. Rxb7 gxf2+ 26. Rxf2 Ne5 27. Rf4 Nf3+ 28. Kf2 Ng5 29. Ke3 Kh7 30. a4 c6 31. c4 cxd5 32. cxd5 Rxc2 33. Rb6 Rc3+ 34. Ke2 Rc2+ 35. Kd1 Rc5 36. Rxd6 Ra5 37. Rf8 Rxa4 38. Re8 a5 39. Re7 e3 40. Rdd7 Rxg4 41. Rxg7+ Kh8 42. Rge7 Nf3 43. Re8+ Rg8 44. Rxe3 Nd4 45. Ree7 Rb8 46. Rh7+ Kg8 47. Rxh6 a4 48. Ra6 Nb5 49. Kd2 a3 50. d6 Rf8 51. Rb7 Rf2+ 52. Ke3 1-0

[Event "FRA-ch Accession"]
[Site "Agen"]
[Date "2017.08.24"]
[Round "6"]
[White "Lanteri, Nicolas"]
[Black "Ollier, Milan"]
[Result "0-1"]
[WhiteElo "2037"]
[BlackElo "2253"]
[PlyCount "78"]
[EventDate "2017.08.19"]
[EventType "swiss"]
[EventRounds "9"]
[EventCountry "FRA"]
[SourceTitle "EXT 2019"]
[Source "ChessBase"]
[SourceDate "2018.10.10"]
[SourceVersion "1"]
[SourceVersionDate "2018.10.10"]
[SourceQuality "1"]

1. f4 d6 2. e4 d5 3. e5 c5 4. d4 cxd4 5. Nf3 Bg4 6. Qxd4 Bxf3 7. gxf3 Nc6 8. Bb5 Nh6 9. Be3 e6 10. Qa4 Qd7 11. Nd2 Nf5 12. Bf2 Be7 13. 0-0-0 0-0 14. Bd3 g6 15. Nb3 Nxe5 16. Bb5 Nc6 17. Na5 Rfc8 18. Rd3 Qc7 19. Rc3 Qxa5 20. Rxc6 Qxa4 21. Rxc8+ Rxc8 22. Bxa4 Bd6 23. Bg3 h5 24. Kd2 h4 25. Bf2 Bxf4+ 26. Kd3 b6 27. b4 g5 28. Bb3 Nd6 29. a4 Nc4 30. h3 Ne5+ 31. Ke2 Rc3 32. a5 bxa5 33. b5 Rxf3 34. Bxa7 a4 35. b6 Rc3 36. Bxa4 Be3 37. Bb8 Bxb6 38. Bxe5 Re3+ 39. Kf2 Rxe5+ 0-1

[Event "FRA-ch Accession"]
[Site "Agen"]
[Date "2017.08.19"]
[Round "3"]
[White "Ollier, Milan"]
[Black "Lever, Erwan"]
[Result "0-1"]
[WhiteElo "2253"]
[BlackElo "2134"]
[PlyCount "104"]
[EventDate "2017.08.19"]
[EventType "swiss"]
[EventRounds "9"]
[EventCountry "FRA"]
[SourceTitle "EXT 2019"]
[Source "ChessBase"]
[SourceDate "2018.10.10"]
[SourceVersion "1"]
[SourceVersionDate "2018.10.10"]
[SourceQuality "1"]

1. e4 c5 2. Nf3 d6 3. d4 cxd4 4. Nxd4 Nf6 5. Nc3 a6 6. Be2 e5 7. Nb3 Be7 8. Be3 Be6 9. 0-0 0-0 10. f4 exf4 11. Rxf4 Nc6 12. Nd5 Bxd5 13. exd5 Ne5 14. Rb4 Qd7 15. a4 a5 16. Rb5 Bd8 17. Qd4 Re8 18. Bd2 b6 19. Rf1 Rc8 20. c3 Ng6 21. Bd3 Re5 22. Qf2 Ne4 23. Bxe4 Rxe4 24. Nd4 Ne5 25. b3 g6 26. Nf3 Ng4 27. Qg3 Ne3 28. Bxe3 Rxe3 29. c4 Re4 30. Re1 Rxe1+ 31. Qxe1 Bc7 32. h3 Re8 33. Qf2 Qf5 34. Nd4 Qd3 35. Kh2 Re3 36. Nf3 Qe4 37. Qg3 Kg7 38. Qg5 h6 39. Qg3 Rc3 40. Qf2 Qf4+ 41. Qg3 Qe4 42. h4 Rc1 43. h5 Qb1 44. Qg4 Rh1+ 45. Kg3 Bd8 46. hxg6 Bh4+ 47. Kf4 Qc1+ 48. Ke4 Qc2+ 49. Kf4 f5 50. Qxf5 Bg3+ 51. Kg4 h5+ 52. Kg5 Qc1+ 0-1

[Event "Avoine op 28th"]
[Site "Avoine"]
[Date "2013.07.26"]
[Round "7"]
[White "Ollier, Milan"]
[Black "Gros, Patrick"]
[Result "1/2-1/2"]
[WhiteElo "2157"]
[BlackElo "2011"]
[PlyCount "100"]
[EventDate "2013.07.20"]
[EventType "swiss"]
[EventRounds "9"]
[EventCountry "FRA"]
[SourceTitle "CBM 155 Extra"]
[Source "ChessBase"]
[SourceDate "2013.08.26"]
[SourceVersion "1"]
[SourceVersionDate "2013.08.26"]
[SourceQuality "1"]

1. e4 d6 2. d4 Nf6 3. Nc3 c6 4. f4 Qa5 5. e5 Ne4 6. Qf3 Nxc3 7. bxc3 Bf5 8. exd6 e6 9. Rb1 Bxd6 10. Rxb7 0-0 11. Bc4 Be4 12. Qxe4 Qxc3+ 13. Bd2 Qxc4 14. Nf3 Na6 15. Ng5 g6 16. Qe2 Qxd4 17. Qxa6 Qa1+ 18. Kf2 Qxh1 19. Qxc6 Rad8 20. Ne4 Qd1 21. Qc3 Bc5+ 22. Qxc5 Rxd2+ 23. Nxd2 Qxd2+ 24. Kg3 Qe1+ 25. Kh3 Qe4 26. Rb4 Qe1 27. Rb7 a5 28. Ra7 Qe4 29. Kg3 Qe1+ 30. Kh3 Qe4 31. g3 a4 32. c4 Qc2 33. a3 Qe2 34. Rxa4 Qf1+ 35. Kh4 Qd1 36. Ra7 f5 37. Kh3 Qg4+ 38. Kg2 Qe2+ 39. Qf2 Qxc4 40. Qb2 Qe4+ 41. Kh3 Rf7 42. Qb8+ Kg7 43. a4 Rxa7 44. Qxa7+ Kh6 45. a5 Qf3 46. Qc5 Qe2 47. Qe5 Qf1+ 48. Kh4 Qf3 49. Kh3 Qf1+ 50. Kh4 Qf3 1/2-1/2

[Event "Avoine op 27th"]
[Site "Avoine"]
[Date "2012.07.21"]
[Round "1"]
[White "Ollier, Milan"]
[Black "Le Ray, Jean Yves"]
[Result "0-1"]
[WhiteElo "2157"]
[BlackElo "1951"]
[PlyCount "38"]
[EventDate "2012.07.21"]
[EventType "swiss"]
[EventRounds "9"]
[EventCountry "FRA"]
[SourceTitle "CBM 149 Extra"]
[Source "ChessBase"]
[SourceDate "2012.08.24"]
[SourceVersion "1"]
[SourceVersionDate "2012.08.24"]
[SourceQuality "1"]

1. e4 b6 2. d4 Bb7 3. Bd3 Nf6 4. Qe2 e6 5. Nf3 c5 6. c3 Be7 7. 0-0 d6 8. Nbd2 Nbd7 9. e5 Nd5 10. Ne4 cxd4 11. exd6 Bf6 12. cxd4 Nb4 13. Bb1 Ba6 14. Qd2 Bxf1 15. Qxb4 a5 16. Qb3 Be2 17. Nfg5 Rc8 18. Bf4 Bxg5 19. Bxg5 Qxg5 0-1

[Event "Avoine op 26th"]
[Site "Avoine"]
[Date "2011.07.23"]
[Round "1"]
[White "Ollier, Milan"]
[Black "Maulana, Kahfi"]
[Result "1-0"]
[WhiteElo "2139"]
[BlackElo "1951"]
[PlyCount "77"]
[EventDate "2011.07.23"]
[EventType "swiss"]
[EventRounds "9"]
[EventCountry "FRA"]
[SourceTitle "EXT 2012"]
[Source "ChessBase"]
[SourceDate "2011.11.24"]
[SourceVersion "1"]
[SourceVersionDate "2011.11.24"]
[SourceQuality "1"]

1. e4 e5 2. Bc4 Nf6 3. d4 Nc6 4. Nf3 Be7 5. dxe5 Ng4 6. Bf4 g5 7. Bg3 h5 8. h3 Nh6 9. Nc3 Na5 10. Qd3 c6 11. 0-0-0 Nxc4 12. Qxc4 b5 13. Qd4 Rg8 14. Qd3 h4 15. Bh2 Qa5 16. Kb1 b4 17. Ne2 Rg6 18. Nfd4 Ba6 19. Qf3 c5 20. Nf5 Bc4 21. Nc1 Nxf5 22. exf5 Rc6 23. e6 Qb6 24. f6 Bxe6 25. fxe7 c4 26. c3 Kxe7 27. Be5 f5 28. Qh5 Rg8 29. Bd4 Qb5 30. Rhe1 Kd8 31. Qh7 Re8 32. Qg7 f4 33. Qf6+ Kc8 34. Re5 Qa4 35. Rde1 b3 36. a3 Qa6 37. Qxg5 Rg8 38. Qxf4 Rxg2 39. Qxh4 1-0

[Event "FRA-ch U18"]
[Site "Montlucon"]
[Date "2011.04.20"]
[Round "5"]
[White "Youssoupov, Moisse"]
[Black "Ollier, Milan"]
[Result "1/2-1/2"]
[WhiteElo "2146"]
[BlackElo "2138"]
[PlyCount "23"]
[EventDate "2011.04.17"]
[EventType "swiss"]
[EventRounds "9"]
[EventCountry "FRA"]
[SourceTitle "CBM 142 Extra"]
[Source "ChessBase"]
[SourceDate "2011.06.27"]
[SourceVersion "1"]
[SourceVersionDate "2011.06.27"]
[SourceQuality "1"]

1. d4 Nf6 2. Bf4 g6 3. e3 Bg7 4. Nf3 d5 5. c4 0-0 6. Nc3 c5 7. dxc5 Qa5 8. Rc1 dxc4 9. Qa4 Qxc5 10. Qxc4 Qxc4 11. Bxc4 Nc6 12. 0-0 1/2-1/2

[Event "FRA-ch op-A"]
[Site "Belfort"]
[Date "2010.08.15"]
[Round "6"]
[White "Armand, Jerome"]
[Black "Ollier, Milan"]
[Result "1/2-1/2"]
[WhiteElo "2008"]
[BlackElo "2116"]
[PlyCount "191"]
[EventDate "2010.08.09"]
[EventType "swiss"]
[EventRounds "11"]
[EventCountry "FRA"]
[SourceTitle "CBM 138 Extra"]
[Source "ChessBase"]
[SourceDate "2010.10.29"]
[SourceVersion "1"]
[SourceVersionDate "2010.10.29"]
[SourceQuality "1"]

1. e4 c5 2. Nf3 Nc6 3. b3 d6 4. Bb2 Nf6 5. Nc3 e5 6. Bc4 Be7 7. d3 0-0 8. h3 Rb8 9. 0-0 g6 10. Bc1 Nh5 11. Bh6 Re8 12. a4 Bf6 13. Nd5 Bh8 14. Ng5 Be6 15. Nxe6 fxe6 16. Qg4 Na5 17. Bg5 Qd7 18. Bb5 Nc6 19. a5 Qf7 20. Nc3 Bf6 21. a6 Bxg5 22. Qxg5 Rec8 23. axb7 Rxb7 24. Ba6 Nd4 25. Bxb7 Qxb7 26. Ra2 Kg7 27. Rfa1 Ra8 28. Kf1 h6 29. Qh4 Qf7 30. Ne2 g5 31. Qg4 Nf6 32. Qg3 Nh5 33. Qe3 Nc6 34. c3 a5 35. b4 cxb4 36. Qb6 Rf8 37. cxb4 Nxb4 38. Rxa5 Kg6 39. g4 Nf4 40. Ra7 Qf6 41. Qb7 Rf7 42. Qxf7+ Qxf7 43. Rxf7 Kxf7 44. Ra7+ Kf6 45. Nxf4 exf4 46. Ke2 Nc6 47. Rb7 Kg6 48. Rd7 Nd4+ 49. Kf1 Nb5 50. Re7 Nc3 51. Rxe6+ Kf7 52. Rxd6 f3 53. Rc6 Ne2 54. e5 Nf4 55. Rc7+ Kg6 56. Re7 h5 57. d4 h4 58. Ke1 Nd3+ 59. Kd2 Nf4 60. Ke1 Nd3+ 61. Kf1 Nf4 62. Ra7 Nxh3 63. Ra3 Nf4 64. Rxf3 Nd5 65. Kg2 Kg7 66. Kh2 Kg6 67. Rf8 Kg7 68. Rd8 Nf4 69. Rd7+ Kg6 70. Rc7 Kh6 71. Rc8 Kg7 72. Kh1 Kf7 73. Rd8 Kg7 74. Kg1 Kf7 75. Kh2 Kg7 76. Ra8 Kf7 77. Ra3 Kg6 78. Re3 Nd5 79. Re4 Nc3 80. Re1 Nd5 81. Rc1 Kg7 82. Kg2 Kf7 83. Kf3 Kg7 84. Ke4 Nf4 85. Rc5 Kg6 86. Rc6+ Kf7 87. Kf3 Kg7 88. Rc7+ Kg6 89. Rd7 Kh6 90. Rd6+ Kg7 91. Rd7+ Kg6 92. Re7 Kh6 93. d5 Nxd5 94. Rd7 Kg6 95. Rd6+ Kg7 96. Rd7+ 1/2-1/2

[Event "Avoine op 25th"]
[Site "Avoine"]
[Date "2010.07.20"]
[Round "4"]
[White "Charrais, Kevin"]
[Black "Ollier, Milan"]
[Result "0-1"]
[WhiteElo "1917"]
[BlackElo "2116"]
[PlyCount "84"]
[EventDate "2010.07.17"]
[EventType "swiss"]
[EventRounds "9"]
[EventCountry "FRA"]
[SourceTitle "EXT 2011"]
[Source "ChessBase"]
[SourceDate "2010.11.26"]
[SourceVersion "1"]
[SourceVersionDate "2010.11.26"]
[SourceQuality "1"]

1. e4 c5 2. Nf3 Nc6 3. d4 cxd4 4. c3 dxc3 5. Nxc3 e6 6. Bc4 Qc7 7. 0-0 Nf6 8. Qe2 Ng4 9. Nb5 Qb8 10. h3 h5 11. g3 Nge5 12. Bf4 a6 13. Nxe5 Nxe5 14. Nd4 Bd6 15. Bb3 h4 16. Kg2 b6 17. Rfd1 f6 18. Nf3 g5 19. Be3 hxg3 20. fxg3 g4 21. Nxe5 gxh3+ 22. Kh2 Bxe5 23. Qg4 Kf7 24. Rd5 Rg8 25. Qh5+ Rg6 26. Qh7+ Rg7 27. Qh5+ Ke7 28. Qh6 Rxg3 29. Kh1 exd5 30. Qh7+ Kd6 31. Rd1 d4 32. Bxd4 Bxd4 33. Rxd4+ Kc7 34. Bd5 b5 35. Qh4 Rg5 36. Qf4+ Re5 37. b4 Qb6 38. Rd3 Bb7 39. Rc3+ Kb8 40. Rc5 Ka7 41. Bxb7 Rxc5 42. bxc5 Qxb7 0-1